| 000 | 00824nas a2200277 4500 | ||
|---|---|---|---|
| 001 | BR2010005729 | ||
| 003 | BR-BrBNA | ||
| 005 | 20231205114745.0 | ||
| 007 | ta | ||
| 008 | 230509b bl.|||p| |||| 00| 00por d | ||
| 040 |
_aBR-BrBNA _bpor _cBiblioteca Nacional de Agricultura |
||
| 041 | _a(Pt) | ||
| 072 | _aH20 | ||
| 100 | 1 | _aKeske, C. | |
| 100 | 1 | _aAmorim, L. | |
| 100 | 1 | _aBiasi, L.A. | |
| 100 | 1 | _aMio, L.L.M. | |
| 245 | 1 | _aQueima das flores e podridão parda em pessegueiro sob sistema de cultivo orgânico | |
| 650 | _aPÊSSEGO | ||
| 650 | _aDOENÇA DE PLANTA | ||
| 650 | _aPODRIDÃO PARDA | ||
| 650 | _aAGRICULTURA ORGÂNICA | ||
| 773 | 0 |
_tCiência Rural (Brazil) _xISSN 0103-8478 _g(Aug 2010), v. 40(8) p. 1682-1688 _wBR2010005729 |
|
| 909 |
_a202311 _bLúcia _c55 _dLúcia Elande |
||
| 942 |
_2AGRIS _n0 _cANA |
||
| 999 |
_c210326 _d210326 |
||